000 03700nam a22002657a 4500
001 216219077
003 UA-OsUOA
005 20210103181759.0
008 200817b un ||||| m||| 00| 0 ukr d
040 _aUA-OsUOA
_bukr
_cUA-OsUOA
_dUA-OsUOA
041 _aukr
080 _a801.81:908(=161)]:930.2(=411.21)"08/11"
090 _a801.81:908(=161)]:930.2(=411.21)"08/11"
095 _a10.01.07
_bфольклористика
100 _aМартиняк І. Я.
245 _aРецепція української фольклорної традиції в арабських джерелах ІХ-ХІІ століть
_cМартиняк Ірина Ярославівна ; наук. керівник Гарасим Ярослав Іванович
260 _aЛьвів
_c2018
300 _a20 с.
502 _6Автореферат дисертації на здобуття наукового ступеня кандидата філологічних наук
_cЛьвівський національний університет імені Івана Франка
_d2018
520 _aУ дисертації здійснено новаторський підхід до вивчення арабських джерел ІХ–ХІІ століть, розглянувши їх крізь призму фольклористики у широкому значенні. Розширивши предметне значення фольклору до всіх явищ матеріальної та духовної культури, які охоплюють мову, слово, поезію, музику, танці, жести, міфи, обряди, ремесла, архітектуру та інші різновиди художньої творчості, арабські джерела залучено до тлумачення певних явищ, які згодом мали місце у багатовіковій історії українського народу, яку свідомо заперечували і яку замовчували у радянський час. Врахувавши хронологічний поділ арабських джерел з історії слов’ян, проаналізовано географічно-описові праці, написані у ІХ–ХІІ століттях. На противагу джерелам більш раннього та пізнішого періоду, вони містять переважно оригінальну інформацію, в основі якої є відомості арабських купців та мандрівників про східних слов’ян та русів. Доступні нам фрагменти про русів та слов’ян досліджено з погляду того, наскільки інформація, подана у них, знаходить своє відображення у нашому фольклорі, чи є аналоги або водночас приклади існування того чи іншого явища на наших теренах, чи справді та інформація, яку подають арабські мандрівники про східних слов’ян та русів не є чужою для нашої фольклорної традиції.
650 _2UDC
_a801.8 Джерела лінгвістики та філології
942 _2udc
_cAR
955 _a1
999 _c461059
_d461059